| 000 | 00823nam a22002897a 4500 | ||
|---|---|---|---|
| 001 | 6979 | ||
| 003 | FISKH | ||
| 005 | 20250613142218.0 | ||
| 008 | 250613b cb ||||| |||| 00| 0 eng d | ||
| 020 | _a0590440543 | ||
| 040 |
_aFISKH _beng _cFISKH _dFISKH |
||
| 050 | _aPZ7.A778 B | ||
| 082 | _a813.54 | ||
| 100 |
_aAsch, Frank _d(1946-) |
||
| 245 |
_aBear shadow / _cFrank Asch |
||
| 250 | _aThis edition first published in 1990 | ||
| 260 |
_aNew York : _bScholastic, _c1985 |
||
| 300 |
_a28 unnumbered pages : _bcolor illustrations ; _c21 cm |
||
| 505 | _aL | ||
| 520 | _aBear tries everything he can think of to get rid of his shadow. | ||
| 521 | 8 |
_a510
_bLexile |
|
| 521 | 8 |
_aL
_bRaz-Plus |
|
| 650 |
_2Groundhog Day _aShadow |
||
| 650 |
_2Picture book _aBears |
||
| 942 |
_2ddc _cBK _n0 |
||
| 999 |
_c6979 _d6979 |
||